Concise catalogue of the oil paintings /
Descripción Física:
147 pàgines : 23 cm
Materias:
National Gallery of Ireland
; National Gallery of Ireland -- Catàlegs
; Pintura -- Irlanda -- Catàlegs
Idioma:
English
MARC
| LEADER | 00000nam a2200000 a 4500 | ||
|---|---|---|---|
| 001 | 24860 | ||
| 005 | 20260324181126.0 | ||
| 008 | 220622b ie ||||| |||| 00| 0 eng d | ||
| 080 | |a Bib- | ||
| 110 | 2 | |9 53607 |a National Gallery of Ireland | |
| 245 | 1 | 0 | |a Concise catalogue of the oil paintings / |c National Gallery of Ireland |
| 260 | |a Dublin : |b The Stationery Office, |c [1963?] | ||
| 300 | |a 147 pàgines : |c 23 cm | ||
| 500 | |a A la part superior de la portada: Exposició de Barcelona, Publicacions del Repertori Iconogràfic | ||
| 500 | |a Fons Junyer-Canals, C-47 | ||
| 610 | 2 | 0 | |9 53607 |a National Gallery of Ireland |
| 610 | 0 | |9 53608 |a National Gallery of Ireland |v Catàlegs | |
| 650 | 0 | |a Pintura |z Irlanda |9 53609 |x Catàlegs | |
| 942 | |2 udc |c ARXIU |n 1 | ||
| 952 | |0 0 |1 0 |4 0 |6 BIB |7 1 |9 62520 |a Arxiu |b Arxiu |d 2022-06-22 |l 0 |o Bib- |p 24860 |r 2022-06-22 00:00:00 |w 2022-06-22 |y ARXIU | ||
| 999 | |c 82124 |d 82124 | ||